Aktorki nominowane do Oscara według zdjęcia #2 - Statystyki

Ogólne statystyki
  • Ten quiz został rozwiązany 31 razy
  • Średni wynik to 12 z 20
Statystyki odpowiedzi
Obrazkowy Odpowiedź % Poprawnych
Sandra Bullock
93%
Angelina Jolie
89%
Scarlett Johansson
89%
Margot Robbie
86%
Penelope Cruz
82%
Charlize Theron
71%
Winona Ryder
71%
Cate Blanchett
68%
Whoopi Goldberg
68%
Sigourney Weaver
61%
Olivia Colman
57%
Amy Adams
50%
Barbra Streisand
50%
Liza Minelli
43%
Sophia Loren
43%
Queen Latifah
39%
Sally Field
39%
Bette Davis
32%
Cynthia Erivo
29%
Julie Andrews
25%
Nie znaleziono quizów pasujących do podanych kryteriów
Rozkład punktacji
Procent ludzi z każdym wynikiem
Percentyl według liczby udzielonych odpowiedzi
Twoja historia wyników
Nie rozwiązałeś tego quizu